000 00453nam a2200169Ia 4500
005 20250508150751.0
008 008 250505s9999 xx 000 0 eng d
037 _aTextual
040 _aFEDL
_beng
_cFEDL
041 _aeng
_2eng
084 _a421.1, THO
_qFEDL
245 2 _aA B C of our alphabet
260 _aLondon, UK
_bThe Studio Publications
_c1942
300 _a64p.
942 _cTEXL
_h421.1, THO
999 _c1325550
_d1325550